Beyond price : pearls and pearl-fishing : origins to the Age of Discoveries /

Bibliographic Details
Main Author: Donkin, R. A.
Format: Book
Language:English
Published: Philadelphia : American Philosophical Society, 1998.
Series:Memoirs of the American Philosophical Society ; v. 224.
Subjects:

MARC

Tag First Indicator Second Indicator Subfields
LEADER 00000cam a2200000 a 4500
001 in00001429607
005 20200616145759.0
008 980518s1998 pauab b 001 0 eng d
010 |a  94078515  
020 |a 0871692244 
035 |a (OCoLC)39135753 
035 |9 AHR4300AM 
040 |a MIA  |c MIA  |d TXA 
049 |a TXAM 
090 |a HD9678.P42  |b D665 1998 
100 1 |a Donkin, R. A. 
245 1 0 |a Beyond price :  |b pearls and pearl-fishing : origins to the Age of Discoveries /  |c R.A. Donkin. 
260 |a Philadelphia :  |b American Philosophical Society,  |c 1998. 
300 |a xxi, 448 p. :  |b ill., maps ;  |c 29 cm. 
336 |a text  |b txt  |2 rdacontent 
337 |a unmediated  |b n  |2 rdamedia 
338 |a volume  |b nc  |2 rdacarrier 
490 1 |a Memoirs of the American Philosophical Society Held at Philadelphia for Promoting Useful Knowledge ;  |v v. 224 
504 |a Includes bibliographical references and indexes. 
650 0 |a Pearl industry and trade  |x History. 
650 0 |a Pearls. 
650 0 |a Pearl divers. 
830 0 |a Memoirs of the American Philosophical Society ;  |v v. 224. 
948 |a c:blr 
999 f f |s 08d1ea9b-f166-3ea6-be8d-2aeb55f0b286  |i 5b5e6e2b-0312-3ac5-aaad-50b03b5f501b  |t 0 
952 f f |p normal  |a Texas A&M University  |b College Station  |c Sterling C. Evans Library  |d Evans: Library Stacks  |t 0  |e HD9678.P42 D665 1998  |h Library of Congress classification  |i unmediated -- volume  |m A14850967895 
998 f f |a HD9678.P42 D665 1998  |t 0  |l Evans: Library Stacks